esf-news (Record no. 6418)

MARC details
000 -LEADER
fixed length control field 00433nas a22001937i 4500
001 - CONTROL NUMBER
control field 7551
003 - CONTROL NUMBER IDENTIFIER
control field OSt
005 - DATE AND TIME OF LATEST TRANSACTION
control field 20181029123837.0
007 - PHYSICAL DESCRIPTION FIXED FIELD--GENERAL INFORMATION
fixed length control field tu
008 - FIXED-LENGTH DATA ELEMENTS--GENERAL INFORMATION
fixed length control field 161220s xxu||||| |||| 00| 0 d
024 7# - OTHER STANDARD IDENTIFIER
Standard number or code 7551
Source of number or code RID
024 7# - OTHER STANDARD IDENTIFIER
Standard number or code 7551
Source of number or code RSN (alt)
040 ## - CATALOGING SOURCE
Transcribing agency OSt
110 2# - MAIN ENTRY--CORPORATE NAME
Corporate name or jurisdiction name as entry element Arbeitsmarktservice Österreich
245 00 - TITLE STATEMENT
Title esf-news
Remainder of title des Arbeitsmarktservice Österreichs
260 ## - PUBLICATION, DISTRIBUTION, ETC.
Place of publication, distribution, etc. Wien.
300 ## - PHYSICAL DESCRIPTION
Dimensions 30cm
942 ## - ADDED ENTRY ELEMENTS (KOHA)
Koha item type Journal
Holdings
Withdrawn status Lost status Damaged status Not for loan Home library Current library Shelving location Date acquired Inventory number Total Checkouts Barcode Date last seen Price effective from Koha item type
        WIIW WIIW Library 07/10/2007 7551   10003518 01/26/2017 01/26/2017 Journal
The Vienna Instiute for International Economic Studies (wiiw)